000
002940000a22000970004500
100
1
_a
Gordon, Robert P.
245
1
0
_a
The variable wisdom of Abel : The MT and versions at 2 Samuel 20:18-19
300
_a
Vol. 43, Num. 2 (Abril, 1993), Páginas 215-226
773
0
_t
Vetus Testamentum
942
_c
ANA
999
_c
57807
_d
57807